Southville International School and Colleges
Your cart is empty.
  • Cart
  • Lists
    Public lists Eva Luna New books Lux_list list_1
    Your lists Log in to create your own lists
  • Log in to your account
  • Your cookies
  • Search history
Southville International School and Colleges
  • Advanced search
  • Recent comments
  • Most popular
  • Libraries

Log in to your account

Log in with GOOGLE


If you do not have an external account, but do have a local account, you can still log in:

  1. Home
  2. MARC view: Nips go National /
Normal view MARC view ISBD view

Nips go National / (Record no. 1280)

[ view plain ]
MARC details
000 -LEADER
fixed length control field 00669nam a22002297a 4500
003 - CONTROL NUMBER IDENTIFIER
control field OSt
005 - DATE AND TIME OF LATEST TRANSACTION
control field 20140310181705.0
008 - FIXED-LENGTH DATA ELEMENTS--GENERAL INFORMATION
fixed length control field 121120t xxu||||| |||| 00| 0 eng d
020 ## - INTERNATIONAL STANDARD BOOK NUMBER
International Standard Book Number 0734404743
050 ## - LIBRARY OF CONGRESS CALL NUMBER
Classification number PZ 7
Item number .St795 2003
082 ## - DEWEY DECIMAL CLASSIFICATION NUMBER
Classification number KF
Item number St1n 2003
100 ## - MAIN ENTRY--PERSONAL NAME
Personal name Starke, Ruth
9 (RLIN) 6718
245 ## - TITLE STATEMENT
Title Nips go National /
Statement of responsibility, etc by Ruth Starke
260 ## - PUBLICATION, DISTRIBUTION, ETC. (IMPRINT)
Place of publication, distribution, etc Australia:
Name of publisher, distributor, etc Lothian Pty Ltd.,
Date of publication, distribution, etc 2003.
300 ## - PHYSICAL DESCRIPTION
Size of unit 256 p. ;
Other physical details 20 cm.
541 ## - IMMEDIATE SOURCE OF ACQUISITION NOTE
-- 1
562 ## - COPY AND VERSION IDENTIFICATION NOTE
Number of copies 1
650 ## - SUBJECT ADDED ENTRY--TOPICAL TERM
Topical term or geographic name as entry element Cricket players--Juvenile fiction.
9 (RLIN) 6719
650 ## - SUBJECT ADDED ENTRY--TOPICAL TERM
Topical term or geographic name as entry element Cricket matches
General subdivision Juvenile fiction.
9 (RLIN) 6720
650 ## - SUBJECT ADDED ENTRY--TOPICAL TERM
Topical term or geographic name as entry element Ethnic relations
General subdivision Juvenile fiction.
9 (RLIN) 6721
942 ## - ADDED ENTRY ELEMENTS (KOHA)
Source of classification or shelving scheme Library of Congress Classification
Koha item type
Call number prefix
Holdings
Withdrawn status Lost status Source of classification or shelving scheme Damaged status Home library Current library Shelving location Date acquired Total Checkouts Full call number Barcode Date last seen Copy number Price effective from Koha item type
    Library of Congress Classification   Luxembourg Library Luxembourg Library Kids Fiction Section 11/20/2012   PZ 7 .St795 2003 14704 08/13/2013 1 10/03/2013 Books

Nips go National /

APA

Starke R., . (2003). Nips go National. Australia: Lothian Pty Ltd.

Chicago

Starke Ruth, . 2003. Nips go National. Australia: Lothian Pty Ltd.

Harvard

Starke R., . (2003). Nips go National. Australia: Lothian Pty Ltd.

MLA

Starke Ruth, . Nips go National. Australia: Lothian Pty Ltd. 2003.

  • Place hold
  • Print
  • Cite
  • Add to your cart (remove)
  • Save record
    BIBTEX Dublin Core MARCXML MARC (non-Unicode/MARC-8) MARC (Unicode/UTF-8) MARC (Unicode/UTF-8, Standard) MODS (XML) RIS
  • More searches
    Search for this title in:
    Other Libraries (WorldCat) Other Databases (Google Scholar) Online Stores (Bookfinder.com) Open Library (openlibrary.org)

Exporting to Dublin Core...

SOUTHVILLE LIBRARY

Southville International School and Colleges Library

1281 Tropical Ave. Cor. Luxembourg St., BF Homes International, Las Pinas City

Tel. No. 8256374 / 252358 Loc. 117/146

Powered by Koha